000 00477cam a2200205 4500
001 B1992
008 090401t1988 xxu||||| |||| 00| 0 eng d
035 _a(Sirsi) u47537
041 _aeng
050 _a333.33709421
110 _aSavills
_92020
245 _aWest End office demand survey 1988
260 _aLondon
_bSavills
_c1988
300 _a20p. : ill.,maps ; 30cm.
350 _a25
650 _aLONDON
650 _aOFFICES
942 _n0
948 _c04/03/1997
999 _c92148
_d92148